[Event "Thursday Knighter I: OPEN"]
[Site "Minneapolis, MN"]
[Date "2018.01.25"]
[Round "4.3"]
[White "Lochridge, Charles"]
[Black "Melander, Robert"]
[Result "0-1"]
[WhiteElo "1209"]
[BlackElo "1541"]

1. e4 c5 2. Nf3 Nc6 3. Nc3 e5 4. Bc4 g6 5. d3 h6 6. Bd2 Bg7 7. Nd5 d6 8. a4 f5
9. Bc3 Nf6 10. Nd2 Be6 11. O-O Bxd5 12. exd5 Ne7 13. Bb5+ Kf8 14. f4 Nfxd5 15.
Qf3 Nxc3 16. bxc3 exf4 17. Qxf4 Bxc3 18. Rad1 a6 19. Bc4 d5 20. Bb3 b5 21. Nf3
g5 22. Nxg5 hxg5 23. Qxg5 Qd6 24. Rxf5+ Nxf5 25. Qxf5+ Bf6 26. Bxd5 Rd8 27.
Rf1 Qxh2+ 28. Kf2 Qe5 {#R} 0-1

[Event "Thursday Knighter I: OPEN"]
[Site "Minneapolis, MN"]
[Date "2018.01.25"]
[Round "4.5"]
[White "Myrin, Norman"]
[Black "Kroells, Ty"]
[Result "1-0"]
[WhiteElo "1974"]
[BlackElo "1924"]

1. d4 Nf6 2. e3 d5 3. Bd3 e6 4. Nd2 Be7 5. f4 Nbd7 6. c3 O-O 7. Ngf3 b6 8. Ne5
Nxe5 9. fxe5 Nd7 10. O-O Bb7 11. e4 c5 12. exd5 Bxd5 13. Be4 f6 14. Bxd5 exd5
15. exf6 Rxf6 16. Nf3 c4 17. Qe2 Qf8 18. Bg5 Rf7 19. Qe6 Bf6 20. Qxd5 Kh8 21.
Qxc4 Re7 22. Bxf6 Nxf6 23. Ne5 Qe8 24. Rae1 Rd8 25. Qe2 h6 26. Rxf6 gxf6 27.
Ng6+ Qxg6 28. Qxe7 Rg8 29. Qe4 Qg5 30. Re3 Qb5 31. b3 a5 32. c4 Qb4 33. Qe7
Qd2 34. Qxf6+ Rg7 35. Qxh6+ {#r} 1-0

[Event "Thursday Knighter I: OPEN"]
[Site "Minneapolis, MN"]
[Date "2018.01.25"]
[Round "4.8"]
[White "Juntunen, Steven"]
[Black "Heinisch, Steven"]
[Result "1-0"]
[WhiteElo "2133"]
[BlackElo "1300"]

1. e4 e5 2. Nf3 Nc6 3. Bb5 a6 4. Ba4 Nf6 5. O-O Be7 6. Re1 b5 7. Bb3 d6 8. c3
Na5 9. Bc2 c5 10. d4 Qc7 11. dxe5 dxe5 12. Bg5 O-O 13. Nbd2 Bb7 14. b3 h6 15.
Bh4 Rfd8 16. Qe2 Rd7 17. Bg3 Nc6 18. Nf1 Rad8 19. Ne3 Nh7 20. Nf5 Bf6 21. Ne3
Ne7 22. Ng4 Nc6 23. Nxf6+ Nxf6 24. Bh4 Qd6 25. Rad1 Qe6 26. Rxd7 Rxd7 27. Qe3
c4 28. bxc4 Qxc4 29. Bb3 Ng4 30. Bxc4 Nxe3 31. Bxf7+ Kxf7 32. Rxe3 Ke6 33. Ne1
Rd2 34. Rg3 g5 35. Bxg5 hxg5 36. Rxg5 Rxa2 37. h4 Re2 38. Nd3 Rxe4 39. Nc5+
Kd5 40. Nxe4 Kxe4 41. h5 Nd8 42. Rg7 a5 43. h6 a4 44. h7 a3 45. h8=Q a2 46.
Qh4+ Kd3 47. Qxd8+ Kxc3 48. Rg3+ Kb2 49. Qd2+ Kb1 50. Rb3+ {#r} 1-0

[Event "Thursday Knighter II: PREMIER"]
[Site "Minneapolis, MN"]
[Date "2018.02.01"]
[Round "1.1"]
[White "Newhall, Peter"]
[Black "Britt, Thomas"]
[Result "0-1"]
[WhiteElo "1067"]
[BlackElo "1460"]

1. d4 Nf6 2. Nf3 c5 3. e3 b6 4. Bd3 Bb7 5. O-O g6 6. c4 cxd4 7. exd4 Bg7 8.
Nc3 O-O 9. d5 d6 10. Re1 Nbd7 11. Nb5 a6 12. Nbd4 Ng4 13. Rb1 Rc8 14. Bg5 Re8
15. Qe2 Nge5 16. b3 Rc7 17. Bc2 Qc8 18. Nd2 Nf8 19. Be3 Ng4 20. Ne6 fxe6 21.
Qxg4 exd5 22. Qxc8 Rcxc8 23. Bxb6 e5 24. Rbc1 Nd7 25. Be3 d4 26. Bg5 Nc5 27.
f3 Ne6 28. Bh4 Bh6 29. Rcd1 Ng7 30. Be4 Bc6 31. Bxc6 Rxc6 32. Ne4 Rb8 33. Nf6+
Kh8 34. Nd5 Nf5 35. Bf6+ Bg7 36. Bxg7+ Kxg7 37. f4 Re8 38. g4 Nh4 39. Kf2 Rf8
40. Kg3 g5 41. f5 h6 42. Nb4 Rc7 43. Rd2 a5 44. Nd5 Rc5 45. Rc1 Rf7 46. a3 Ra7
47. Rd3 Kf7 48. Nb6 Rc6 49. Na4 Rb7 50. Nb2 Rcb6 51. c5 Rxb3 52. c6 Rxb2 53.
cxb7 Rxb7 54. Rc6 Ke7 55. Ra6 Kd7 56. Rxa5 Kc6 57. a4 Rb4 58. Ra6+ Kd5 59. a5
e4 60. Rb6 Ra4 61. Rb5+ Kc4 62. Rdb3 d3 63. a6 d2 64. Rb1 e3 65. a7 Rxa7 66.
R1b4+ Kc3 67. Rb3+ Kc2 68. Rb2+ Kd3 69. R5b3+ Ke2 70. Rc3 d5 71. f6 d4 72.
Rcc2 Ke1 {#R} 0-1

[Event "Thursday Knighter II: PREMIER"]
[Site "Minneapolis, MN"]
[Date "2018.02.01"]
[Round "1.3"]
[White "Marquina, Efrain"]
[Black "Voje, Daniel"]
[Result "0-1"]
[WhiteElo "1645"]
[BlackElo "1638"]

1. Nf3 f5 2. g3 Nf6 3. Bg2 Nc6 4. d4 d6 5. O-O g6 6. b3 Bg7 7. Bb2 e6 8. c4
Qe7 9. e3 e5 10. dxe5 Nxe5 11. Qe2 Nf7 12. Nc3 c6 13. Rfd1 g5 14. Qc2 O-O 15.
Nd4 Ne5 16. Re1 Nh5 17. Rad1 f4 18. exf4 gxf4 19. Be4 Bh6 20. Kh1 Bg4 21. f3
Bd7 22. g4 Ng7 23. Bxh7+ Kh8 24. Be4 Bg5 25. Qg2 Rf6 26. Bf5 Bh4 27. g5 Rxf5
28. Nxf5 Nxf5 29. Ne4 Bxe1 30. Rxe1 Kg7 31. c5 Ne3 32. Qe2 {White's time
expired} {#R} 0-1

[Event "Thursday Knighter II: OPEN"]
[Site "Minneapolis, MN"]
[Date "2018.02.01"]
[Round "1.2"]
[White "Landman, Kevin"]
[Black "Wijetunge, Ivan"]
[Result "1-0"]
[WhiteElo "1506"]
[BlackElo "2055"]

1. d4 c6 2. c4 d5 3. Nc3 dxc4 4. a4 Na6 5. Nf3 Nf6 6. e4 Bg4 7. Bxc4 e6 8. Be3
Nb4 9. Rc1 Be7 10. h3 Bh5 11. Qd2 Bxf3 12. gxf3 Qa5 13. Rg1 g6 14. Ke2 O-O-O
15. Rgd1 Qh5 16. Bf4 Nd7 17. Na2 a5 18. Qe3 Rhe8 19. Nxb4 Bxb4 20. d5 Bc5 21.
dxc6 Ne5 22. cxb7+ Kxb7 23. Qb3+ Bb6 24. Bb5 Rxd1 25. Rxd1 Rc8 26. Rd6 Rc2+
27. Kd1 Rxb2 28. Rxb6+ Kxb6 29. Qxb2 {#r} 1-0

[Event "Thursday Knighter II: OPEN"]
[Site "Minneapolis, MN"]
[Date "2018.02.01"]
[Round "1.3"]
[White "Melander, Robert"]
[Black "Juntunen, Steven"]
[Result "1-0"]
[WhiteElo "1541"]
[BlackElo "2133"]

1. e4 e5 2. Nf3 Nc6 3. Bc4 Nf6 4. d3 Bc5 5. c3 a6 6. O-O O-O 7. d4 exd4 8.
cxd4 Ba7 9. e5 d5 10. Bb3 Ne4 11. h3 Be6 12. Nc3 Nxc3 13. bxc3 f6 14. Ba3 Rf7
15. Re1 Na5 16. Qe2 Nxb3 17. axb3 Qd7 18. exf6 Rxf6 19. Ne5 Qe8 20. Rad1 Rc8
21. c4 c6 22. Qd2 Qh5 23. Be7 Rh6 24. Bg5 Bxh3 25. Bxh6 Bf5 26. Bf4 b5 27. c5
Re8 28. Nxc6 Be4 29. Nxa7 Re6 30. f3 Bxf3 31. Rxe6 Qg4 32. Rde1 Be4 33. R6xe4
dxe4 34. Rxe4 Qd7 35. Qe2 Kf7 36. Bd6 Qf5 37. Rf4 {#r} 1-0

[Event "Thursday Knighter II: OPEN"]
[Site "Minneapolis, MN"]
[Date "2018.02.01"]
[Round "1.4"]
[White "Svenson, Michael"]
[Black "Lochridge, Charles"]
[Result "1-0"]
[WhiteElo "1528"]
[BlackElo "1209"]

1. d4 Nf6 2. Nf3 g6 3. c4 Bg7 4. Nc3 d5 5. Bg5 dxc4 6. e4 c5 7. dxc5 Qa5 8.
Bxf6 Bxf6 9. e5 Bg7 10. Qa4+ Qxa4 11. Nxa4 Bg4 12. Be2 {Game score
incomplete.} {#r} 1-0

[Event "Thursday Knighter II: OPEN"]
[Site "Minneapolis, MN"]
[Date "2018.02.01"]
[Round "1.5"]
[White "Wisniewski, Vincent"]
[Black "Heinisch, Steven"]
[Result "1-0"]
[WhiteElo "1432"]
[BlackElo "1300"]

1. d4 d5 2. c4 e6 3. Nc3 Nf6 4. Nf3 Be7 5. Bf4 c6 6. e3 O-O 7. Bd3 dxc4 8.
Bxc4 Nbd7 9. a3 b6 10. Rc1 Nd5 11. Bg3 Nxc3 12. Rxc3 Bb7 13. b4 c5 14. bxc5
bxc5 15. d5 exd5 16. Bxd5 Bxd5 17. Qxd5 Nf6 18. Qc4 Qd7 19. Rd3 Qc6 20. O-O
Rfd8 21. Rxd8+ Rxd8 22. Qxf7+ Kxf7 23. Ne5+ Ke6 24. Nxc6 Rd3 25. Ra1 a6 26.
Nxe7 Kxe7 27. Bh4 Rd2 28. g3 Kf7 29. Bxf6 Kxf6 30. Rc1 Ra2 31. Rc3 Ke6 32. Kg2
Kd5 33. g4 c4 34. Kg3 Rb2 35. Rc1 Rb3 36. Rd1+ Rd3 37. Ra1 c3 38. a4 c2 39.
Rc1 Rc3 40. Kf3 Kc4 41. Ke2 Kb4 42. Kd2 Rc4 43. Rxc2 Rxg4 44. Kd3 Kxa4 45.
Rc4+ Rxc4 46. Kxc4 Ka5 47. Kc5 Ka4 48. e4 a5 49. e5 Kb3 50. e6 a4 51. e7 a3
52. e8=Q a2 53. Qe5 Kc2 54. Qa1 {#r} 1-0

[Event "Thursday Knighter II: OPEN"]
[Site "Minneapolis, MN"]
[Date "2018.02.01"]
[Round "1.6"]
[White "Hale, Roger"]
[Black "Heinisch, Michael"]
[Result "0-1"]
[WhiteElo "1979"]
[BlackElo "1300"]

1. e4 c5 2. Nf3 Nf6 3. Nc3 e6 4. d4 cxd4 5. Nxd4 a6 6. Bd3 Qc7 7. O-O Nc6 8.
Nxc6 bxc6 9. Re1 d6 10. Be3 Bb7 11. a4 a5 12. Nb1 d5 13. exd5 cxd5 14. Nd2 Bd6
15. Bb5+ Kf8 16. Nf1 h5 17. h3 Ne4 18. Bd3 Re8 19. Bxe4 dxe4 20. c3 h4 21. Qd4
f5 22. Rad1 Rd8 23. Bf4 Bd5 24. Bxd6+ Rxd6 25. Qe5 Rc6 26. Qxc7 Rxc7 27. Ne3
Rc5 28. c4 Bc6 29. b3 Ke7 30. Rd2 Rb8 31. Rb2 f4 32. Ng4 Bxa4 33. Reb1 Bd7 34.
b4 axb4 35. Rxb4 Rxb4 36. Rxb4 e5 37. Kh2 Bxg4 38. hxg4 g5 39. Rb5 Rxb5 40.
cxb5 Kd6 41. Kg1 f3 42. gxf3 exf3 43. Kf1 Kc5 44. Ke1 h3 45. Kf1 h2 {#R} 0-1

[Event "Thursday Knighter II: OPEN"]
[Site "Minneapolis, MN"]
[Date "2018.02.01"]
[Round "1.8"]
[White "Buyukdag, Yusuf"]
[Black "Tykwinski, David"]
[Result "0-1"]
[WhiteElo "1102"]
[BlackElo "2080"]

1. d4 Nf6 2. c4 c5 3. d5 b5 4. b3 bxc4 5. bxc4 g6 6. Bb2 Bg7 7. Nf3 d6 8. e3
O-O 9. Bd3 Nbd7 10. Na3 Rb8 11. Bc3 Nxd5 12. Bxg7 Kxg7 13. O-O Nb4 14. Rb1 Qa5
15. Qb3 Nxd3 16. Qxd3 Bb7 17. Rb5 Qc7 18. Qc3+ Kg8 19. Ng5 Qc6 20. f3 Ba6 21.
Rxb8 Rxb8 22. f4 Rb4 23. f5 Ne5 24. fxg6 hxg6 25. Rf4 Qa4 26. e4 Bxc4 27. Qh3
Qd1+ 28. Kf2 Qe2+ 29. Kg3 Qe3+ 30. Nf3 Be6 31. Nc2 Qc3 32. Qh6 Nxf3 33. gxf3
Qxc2 34. Rh4 Qc3 35. Qh7+ Kf8 36. Kf4 Qd2+ 37. Kg3 Qd4 38. a3 Qg1+ 39. Kf4 g5#
0-1

[Event "Exerciser Quad 2: SECTION 1 (2076)"]
[Site "Minneapolis, MN"]
[Date "2017.02.03"]
[Round "1.1"]
[White "Hoover, Nathan"]
[Black "Azar, Steven"]
[Result "1-0"]
[WhiteElo "1979"]
[BlackElo "2062"]

1. e4 e5 2. Nf3 d6 3. d4 Nf6 4. Nc3 Nbd7 5. Bc4 Be7 6. O-O O-O 7. Re1 c6 8. a4
b6 9. h3 Qc7 10. Bg5 a6 11. Qd2 Bb7 12. Nh4 exd4 13. Qxd4 Ne5 14. Bf1 Bc8 15.
Be3 c5 16. Qd1 Re8 17. g3 Ng6 18. Nf5 Bxf5 19. exf5 Ne5 20. g4 Bf8 21. g5 Nfd7
22. Bg2 Nc6 23. Bd5 Nb4 24. Bxa8 Rxa8 25. Nd5 Qc6 26. c4 Ne5 27. b3 Nxd5 28.
cxd5 Qb7 29. f4 Nd7 30. Qd3 Rb8 31. Ra2 Rc8 32. f6 b5 33. axb5 Qxb5 34. Qxb5
axb5 35. fxg7 Kxg7 36. Kf2 Kg6 37. Kf3 Kf5 38. Ra7 Rd8 39. Rb7 b4 40. Ra1 {#r}
1-0

[Event "Exerciser Quad 2: SECTION 1 (2076)"]
[Site "Minneapolis, MN"]
[Date "2017.02.03"]
[Round "2.1"]
[White "Gross, Oren"]
[Black "Hoover, Nathan"]
[Result "0-1"]
[WhiteElo "1979"]
[BlackElo "1979"]

1. d4 Nf6 2. Bg5 Ne4 3. Bf4 d5 4. e3 c5 5. c3 Qb6 6. Qb3 c4 7. Qxb6 axb6 8. f3
Nf6 9. Bxb8 Rxb8 10. Nd2 e6 11. e4 Ra8 12. Ne2 b5 13. g3 b4 14. Bg2 Be7 15.
O-O O-O 16. h3 Ra6 17. f4 b5 18. g4 Rd8 19. g5 Ne8 20. cxb4 Bxb4 21. Nc3 Nc7
22. a3 Ba5 23. exd5 exd5 24. f5 h6 25. h4 g6 26. fxg6 Rxg6 27. Nf3 Bb6 28.
Rad1 Bg4 29. Ne2 hxg5 30. hxg5 Ne6 31. Rf2 Nxg5 32. Ne5 Nh3+ 33. Bxh3 Bxe2+
34. Nxg6 Bxd1 35. Ne7+ Kf8 36. Nf5 Bh5 37. Rf4 Bg6 38. Kf2 Re8 39. Nd6 Bc7 40.
Nxe8 Bxf4 41. Nf6 Bc1 42. Nxd5 Bxb2 43. Ke3 c3 44. Nxc3 Bxc3 45. Bd7 b4 46.
axb4 Bxb4 47. Bg4 Ke7 48. Bf3 Bc3 49. Bd5 Kd6 50. Bf3 Bc2 51. Bg2 f6 52. Bf3
Bg6 53. Bg2 Bb2 54. Bf3 Bc1+ 55. Ke2 Bg5 56. Kf2 Bd3 57. Bg2 f5 58. Bf3 Be4
59. Bh5 Kd5 60. Ke2 Kxd4 61. Kf2 Kd3 62. Be2+ Kd2 63. Bh5 Bh4+ 64. Kf1 Ke3 65.
Be2 Bg2+ {#R} 0-1

[Event "Exerciser Quad 2: SECTION 1 (2076)"]
[Site "Minneapolis, MN"]
[Date "2017.02.03"]
[Round "2.2"]
[White "Azar, Steven"]
[Black "Zagar, Dane"]
[Result "1/2-1/2"]
[WhiteElo "2062"]
[BlackElo "1972"]

1. c4 e6 2. g3 Nf6 3. Bg2 d5 4. Nf3 Be7 5. O-O O-O 6. b3 c6 7. Bb2 b6 8. Qc2
Bb7 9. cxd5 cxd5 10. Nd4 Na6 11. Nc3 Rc8 12. Qb1 Nb4 13. a3 Nc6 14. Ncb5 a6
15. Nxc6 Bxc6 16. Na7 Rc7 17. Nxc6 Rxc6 18. Qd3 Qa8 19. Rfc1 Rfc8 20. Rxc6
Rxc6 21. Rc1 Rxc1+ 22. Bxc1 Qc8 23. Qc3 Qxc3 24. dxc3 Ne4 25. Bxe4 dxe4 26. c4
Kf8 27. Be3 Bd8 28. Bd4 g6 29. f3 exf3 30. exf3 Ke7 31. Kf2 Kd6 32. Ke2 Kc6
33. Kd3 Be7 34. a4 f5 35. h3 h5 36. g4 Bd6 37. gxh5 gxh5 38. Bf2 Bb4 39. Bd4
Be1 40. Be3 Bg3 41. b4 b5 42. cxb5+ axb5 43. a5 Bd6 44. Bd2 e5 45. Be1 Kd5 46.
Bd2 e4+ 47. fxe4+ fxe4+ 48. Ke3 Be5 49. Ke2 Bd4 50. Be3 Bc3 51. Bc5 Be5 52. a6
Kc6 53. Ke3 Bc3 54. Kxe4 h4 55. a7 Kb7 56. Kd5 Be1 57. a8=Q+ Kxa8 58. Kc6 Kb8
59. Kxb5 Kc7 60. Kc4 Kd7 61. Kd5 Bg3 62. b5 Kc7 63. Ke6 Kd8 64. Kf5 Kd7 65.
Kg4 Ke6 66. b6 Kd7 67. Kf5 Kc6 68. Be3 Bd6 69. Kg4 Be7 70. Bg5 Bf8 71. Bd8 Kd7
72. Bxh4 Bc5 73. b7 Kc7 74. Bd8+ Kxb7 75. h4 Kc8 76. Bf6 Kd7 77. Kf5 Ke8 78.
Kg6 Kf8 79. Bg5 Bd4 80. h5 Bg7 81. Be7+ Kg8 82. Bd6 Kh8 {#d} 1/2-1/2

[Event "Exerciser Quad 2: SECTION 1 (2076)"]
[Site "Minneapolis, MN"]
[Date "2017.02.03"]
[Round "3.1"]
[White "Hoover, Nathan"]
[Black "Zagar, Dane"]
[Result "0-1"]
[WhiteElo "1979"]
[BlackElo "1972"]

1. e4 c5 2. Nf3 e6 3. d4 cxd4 4. Nxd4 a6 5. c4 Qc7 6. Nc3 Nf6 7. Be2 Bb4 8.
Qd3 b5 9. cxb5 Nxe4 10. Qxe4 Bxc3+ 11. bxc3 Qxc3+ 12. Kd1 d5 {#R} 0-1

[Event "Exerciser Quad 2: SECTION 2 (1946)"]
[Site "Minneapolis, MN"]
[Date "2017.02.03"]
[Round "1.1"]
[White "Carter, Antoine"]
[Black "Murray, William"]
[Result "1/2-1/2"]
[WhiteElo "1877"]
[BlackElo "1974"]

1. e4 d6 2. d4 Nf6 3. Bd3 e5 4. d5 Be7 5. c4 Nbd7 6. Nc3 O-O 7. Nge2 a5 8. f3
Nc5 9. Be3 Nxd3+ 10. Qxd3 Ne8 11. g4 Bh4+ 12. Ng3 Bg5 13. O-O-O Bd7 14. Kb1
Bxe3 15. Qxe3 Rb8 16. Nf5 b5 17. cxb5 Bxb5 18. Nxb5 Rxb5 19. Rd2 g6 20. Ng3
Qh4 21. Qd3 Rc5 22. Rc2 Rxc2 23. Qxc2 Qf6 24. Rf1 Qf4 25. Qc1 Qf6 26. Qd2 Ng7
27. Qxa5 Rc8 28. Qa6 Qd8 29. Rc1 Ne8 30. Qc6 Rb8 31. Rc2 Rb6 32. Qc3 Qa8 33.
h4 Ra6 34. b3 Qa7 35. Qd3 Ra5 36. Qd2 Ra6 37. Qf2 Qb8 38. Qe3 Qd8 39. Qh6 Qf6
40. Rf2 c6 41. dxc6 Rxc6 42. Qg5 Qxg5 43. hxg5 Ng7 44. Rc2 Rxc2 45. Kxc2 Kf8
46. Ne2 Ne6 47. Kd3 Nxg5 48. Ke3 Ne6 49. Nc3 h5 50. gxh5 gxh5 51. a4 Ke8 52.
Nd5 h4 53. b4 Kd8 54. a5 Nd4 55. Kf2 Kc8 56. f4 exf4 57. Nxf4 Kb7 58. Nd5 f5
59. exf5 Nxf5 60. b5 Nd4 61. Nc3 {#d} 1/2-1/2

[Event "Exerciser Quad 2: SECTION 2 (1946)"]
[Site "Minneapolis, MN"]
[Date "2017.02.03"]
[Round "1.2"]
[White "Voje, Daniel"]
[Black "Li, Linden"]
[Result "1-0"]
[WhiteElo "1638"]
[BlackElo "1974"]

1. e4 c5 2. Nf3 e6 3. c3 Nf6 4. e5 Nd5 5. Bc4 Nb6 6. Bb3 Nc6 7. Qe2 d6 8. O-O
Be7 9. d4 cxd4 10. cxd4 O-O 11. Nc3 dxe5 12. dxe5 Nd7 13. Rd1 Qa5 14. Bf4 a6
15. Bc2 Re8 16. Rxd7 Bxd7 17. Qd3 g6 18. Qxd7 Qb4 19. Qd2 Qxb2 20. Rb1 Qa3 21.
Bb3 Rad8 22. Qe3 Qa5 23. Ne4 Nb4 24. Bg5 Rd3 25. Qf4 Nd5 26. Qh4 Qd8 27. Nd6
Nc3 28. Re1 f6 29. Bxe6+ Kg7 30. Bh6+ {#r} 1-0

[Event "Exerciser Quad 2: SECTION 2 (1946)"]
[Site "Minneapolis, MN"]
[Date "2017.02.03"]
[Round "3.1"]
[White "Voje, Daniel"]
[Black "Carter, Antoine"]
[Result "1-0"]
[WhiteElo "1638"]
[BlackElo "1877"]

1. e4 e6 2. d4 d5 3. Nd2 c6 4. c3 Be7 5. e5 c5 6. dxc5 Bxc5 7. Nb3 Bb6 8. Qg4
g6 9. Nf3 Nc6 10. Bb5 Bd7 11. Bxc6 bxc6 12. O-O c5 13. a4 a5 14. c4 d4 15.
Nbd2 Bc6 16. Ng5 Bc7 17. Re1 h6 18. Nge4 Qe7 19. b3 Bxe5 20. Nxc5 Qxc5 21. Ba3
Bxh2+ 22. Kxh2 Qa7 23. Rxe6+ fxe6 24. Qxe6+ Ne7 25. Re1 Qc7+ 26. Bd6 Qd7 27.
Qxg6+ Kd8 28. Rxe7 {#r} 1-0

[Event "Exerciser Quad 2: SECTION 3 (1817)"]
[Site "Minneapolis, MN"]
[Date "2017.02.03"]
[Round "1.1"]
[White "Lim, Justin"]
[Black "Wasserman, Eddie"]
[Result "1-0"]
[WhiteElo "1842"]
[BlackElo "1928"]

1. d4 d5 2. c4 Nc6 3. e3 Nf6 4. Nc3 dxc4 5. Bxc4 e5 6. d5 Na5 7. Be2 c6 8. e4
cxd5 9. exd5 Be7 10. b4 Qc7 11. Qa4+ Bd7 12. Nb5 Bxb5 13. Qxb5+ Nd7 14. Bd2
{#r} 1-0

[Event "Exerciser Quad 2: SECTION 3 (1817)"]
[Site "Minneapolis, MN"]
[Date "2017.02.03"]
[Round "1.2"]
[White "Lee, Alice"]
[Black "Gisselquist, Peter"]
[Result "1-0"]
[WhiteElo "1974"]
[BlackElo "1018"]

1. d4 d5 2. c4 Nc6 3. cxd5 Qxd5 4. Nf3 e5 5. Nc3 Bb4 6. Bd2 Bxc3 7. bxc3 e4 8.
Ng1 Nf6 9. e3 O-O 10. Ne2 b6 11. Nf4 Qd6 12. Bb5 Bb7 13. O-O a6 14. Ba4 b5 15.
Bc2 Na5 16. a4 Nc4 17. Rb1 Na3 18. Rb4 Nxc2 19. Qxc2 c5 20. dxc5 Qxc5 21. c4
Bc6 22. axb5 axb5 23. Rc1 Rfd8 {#r} 1-0

[Event "Thursday Knighter II: PREMIER"]
[Site "Minneapolis, MN"]
[Date "2018.02.08"]
[Round "2.1"]
[White "Britt, Thomas"]
[Black "Hoover, Nathan"]
[Result "1-0"]
[WhiteElo "1460"]
[BlackElo "1979"]

1. d4 Nf6 2. c4 e6 3. Nf3 d5 4. g3 dxc4 5. Bg2 c5 6. O-O Nc6 7. Qa4 Bd7 8.
dxc5 Na5 9. Qc2 Rc8 10. Be3 Nd5 11. Bd4 f6 12. Rd1 Qc7 13. Qe4 Bxc5 14. Bh3
Kf7 15. Nc3 Nb6 16. Bxc5 Qxc5 17. Rxd7+ Nxd7 18. Qxe6+ Kf8 19. Qxd7 Re8 20.
Rd1 Re7 21. Qd8+ Re8 22. Qd7 Re7 23. Qg4 g6 24. Rd5 Qb6 25. Rd2 f5 26. Qf4 Qc7
27. Qd4 {#r} 1-0

[Event "Thursday Knighter II: PREMIER"]
[Site "Minneapolis, MN"]
[Date "2018.02.08"]
[Round "2.2"]
[White "Voje, Daniel"]
[Black "Zelkind, Eduard"]
[Result "0-1"]
[WhiteElo "1638"]
[BlackElo "2200"]

1. e4 d6 2. d4 Nf6 3. Bd3 e5 4. c3 Be7 5. f4 exd4 6. cxd4 O-O 7. Nf3 c5 8. d5
Na6 9. Nc3 Nc7 10. O-O b5 11. b3 Rb8 12. Bb2 b4 13. Na4 Ng4 14. Qe1 Re8 15.
Qg3 Bf8 16. Rae1 h6 17. Bc4 Nf6 18. Ne5 dxe5 19. fxe5 Nh7 20. e6 Bxe6 21. Be5
Rb7 22. d6 Nb5 23. Nxc5 Bxc4 24. bxc4 Qb6 25. Qf2 Rxe5 26. Nxb7 Qxb7 27. cxb5
Bxd6 28. Rc1 Nf6 29. Rc6 Nxe4 30. Qd4 Qxc6 31. bxc6 Bc5 32. Rd1 Rd5 33. c7
Rxd4 {#R} 0-1

[Event "Thursday Knighter II: PREMIER"]
[Site "Minneapolis, MN"]
[Date "2018.02.08"]
[Round "2.3"]
[White "Louie, Terry"]
[Black "Wisniewski, Vincent"]
[Result "1/2-1/2"]
[WhiteElo "1506"]
[BlackElo "1432"]

1. d4 d5 2. c4 dxc4 3. e3 e5 4. Bxc4 exd4 5. exd4 Bd6 6. Qb3 Qe7+ 7. Be3 Nf6
8. Nf3 O-O 9. O-O Nc6 10. Re1 Na5 11. Qb5 Nxc4 12. Qxc4 Be6 13. Qc2 h6 14. Nc3
c6 15. Rad1 Rac8 16. Qd2 Ng4 17. d5 cxd5 18. Bxa7 Qc7 19. h3 Nh2 20. Nd4 Qd7
21. Ndb5 Bxh3 22. Qe3 Qg4 23. Qxh3 Qxh3 24. gxh3 Nf3+ 25. Kg2 Nxe1+ 26. Rxe1
Bc5 27. Bxc5 Rxc5 28. Re7 Rd8 29. Rxb7 d4 30. Nxd4 Rxd4 31. Rb5 Rxb5 32. Nxb5
Rb4 33. Nc3 Rxb2 34. Kf3 Rc2 35. Nd1 Rxa2 36. Ne3 Ra3 37. Kf4 {#d} 1/2-1/2

[Event "Thursday Knighter II: PREMIER"]
[Site "Minneapolis, MN"]
[Date "2018.02.08"]
[Round "2.4"]
[White "Marquina, Efrain"]
[Black "Newhall, Peter"]
[Result "1/2-1/2"]
[WhiteElo "1645"]
[BlackElo "1067"]

1. d4 f5 2. g3 Nf6 3. Bg2 e6 4. Nf3 Be7 5. O-O O-O 6. c4 d6 7. Nc3 Ne4 8. Qc2
Nxc3 9. Qxc3 a5 10. b3 Nc6 11. Bb2 Bf6 12. Qd2 e5 13. d5 Ne7 14. Rfd1 b6 15.
Nxe5 Bxe5 16. Bxe5 dxe5 17. d6 e4 18. dxe7 Qxe7 19. Qd5+ Be6 20. Qe5 Rad8 21.
f3 exf3 22. exf3 Rd7 23. Re1 Kf7 24. Re2 Re8 25. f4 Qd6 26. Rae1 Qxe5 27. Rxe5
Rdd8 28. Bc6 Bd7 29. Bxd7 Rxe5 30. Rxe5 Rxd7 31. Rxf5+ Kg6 32. Rg5+ Kf6 33. c5
Rd1+ 34. Kg2 h6 35. Re5 Rd2+ 36. Kh3 Rxa2 37. cxb6 cxb6 38. Rb5 a4 39. Rxb6+
Kf7 40. bxa4 Rxa4 41. Kg4 g6 42. h4 Ra5 43. Rb3 h5+ 44. Kf3 Kf6 45. Re3 Kf5
46. Rb3 Rc5 {#d} 1/2-1/2

[Event "Thursday Knighter II: OPEN"]
[Site "Minneapolis, MN"]
[Date "2018.02.08"]
[Round "2.2"]
[White "Landman, Kevin"]
[Black "Melander, Robert"]
[Result "0-1"]
[WhiteElo "1506"]
[BlackElo "1541"]

1. d4 Nf6 2. c4 g6 3. Nc3 Bg7 4. e4 d6 5. f3 O-O 6. Be3 e5 7. d5 Ne8 8. Qd2 f5
9. Nge2 f4 10. Bf2 g5 11. O-O-O h5 12. Kb1 g4 13. Nc1 Nf6 14. Nb3 b6 15. Bd3
Ba6 16. Rc1 Nbd7 17. Nb5 Nc5 18. Na1 Qd7 19. b4 Nxd3 20. Qxd3 Rfb8 21. Nb3 Bc8
22. Nc3 a5 23. b5 gxf3 24. Qxf3 Qf7 25. h3 Bd7 26. Rcg1 Kh7 27. g4 fxg3 28.
Rxg3 Bh6 29. Rhg1 Rg8 30. Be3 Bxe3 31. Qxe3 Rxg3 32. Rxg3 Rg8 33. Nd2 Rxg3 34.
Qxg3 Qg6 35. Qf3 Qg5 36. Nf1 Qh4 37. Ng3 Bxh3 38. Kc2 Bg4 39. Qf2 Qg5 40. Nce2
h4 41. Nf5 Nxe4 42. Qxh4+ Qxh4 {#R} 0-1

[Event "Thursday Knighter II: OPEN"]
[Site "Minneapolis, MN"]
[Date "2018.02.08"]
[Round "2.3"]
[White "Benson, Carl"]
[Black "Sorlie, Mark"]
[Result "0-1"]
[WhiteElo "1811"]
[BlackElo "2025"]

1. d4 d5 2. e3 Bf5 3. Nf3 e6 4. c4 c6 5. Nc3 Bd6 6. Be2 Nd7 7. Bd2 Ngf6 8. Nh4
Bg6 9. Nxg6 hxg6 10. g3 Ne4 11. cxd5 exd5 12. Nxe4 dxe4 13. Qb3 Qb6 14. Qc2 f5
15. Bc3 Nf6 16. O-O Qc7 17. Qb3 Nd5 18. Bc4 Nxe3 19. Ba5 b6 20. Bxb6 axb6 21.
Qxe3 O-O-O 22. Kg2 Rde8 23. Rac1 f4 24. gxf4 Bxf4 25. Qa3 Rxh2+ 26. Kg1 Kd7
27. Bb5 Bxc1 28. Rxc1 Rh1+ 29. Kxh1 Rh8+ 30. Kg1 Qh2+ 31. Kf1 Qh1+ 32. Ke2
Qxc1 33. Qa7+ Ke6 34. Qxg7 Qxb2+ 35. Ke3 Rh3+ 36. Kxe4 Rh4+ 37. f4 Qg2+ 38.
Kd3 Rh3+ 39. Kc4 Qd5+ {#R} 0-1

[Event "Thursday Knighter II: OPEN"]
[Site "Minneapolis, MN"]
[Date "2018.02.08"]
[Round "2.4"]
[White "McGrath, Dennis"]
[Black "Khann, Riaz"]
[Result "1-0"]
[WhiteElo "1645"]
[BlackElo "1506"]

1. d4 e6 2. c4 Bb4+ 3. Bd2 Qe7 4. Nf3 Nf6 5. a3 Bxd2+ 6. Nbxd2 O-O 7. e4 d6 8.
Bd3 h6 9. O-O Nbd7 10. Rc1 c5 11. e5 Ne8 12. dxc5 Nxc5 13. Bb1 b6 14. Qc2 f5
15. exf6 Nxf6 16. Nh4 Bb7 17. Ng6 Qf7 18. Nxf8 Rxf8 19. Qg6 Qe7 20. Rc3 Nce4
21. Nxe4 Bxe4 22. Bxe4 d5 23. cxd5 exd5 24. Bf3 d4 25. Rc6 Qe5 26. Qd3 b5 27.
Qb3+ Kh8 28. Qe6 Qg5 29. Rc8 Rxc8 30. Qxc8+ Kh7 31. Qc2+ Kg8 32. Rd1 Qe5 33.
Qd3 Qc5 34. Qxd4 Qc2 35. Qd2 Qb3 36. Bd5+ {#r} 1-0